| 000 | 00622nam a22001817a 4500 | ||
|---|---|---|---|
| 003 | CEME | ||
| 005 | 20210628205607.0 | ||
| 008 | 210308b xxu||||| |||| 00| 0 eng d | ||
| 020 | _a81-7029-912-8 | ||
| 040 | _c. | ||
| 082 | _a621.381 CHO'E | ||
| 100 |
_aChoudhuri, Samiran.Dr Chowdhury, S. P.Dr Chowdhury, Sunetra _976172 |
||
| 245 | _aElectrical engineering computations by computer graphics aided basic programming | ||
| 260 |
_aNEW DELHI _bBPB PUBLICATIONS _c1997 |
||
| 300 | _a270P | ||
| 650 |
_aELECTRICAL ENGINEERING COMPUTATIONS COMPUTER GRAPHICS COMPUTER GRAPHICS-BASIC PROGRAMMING _976173 |
||
| 942 |
_cBK _2ddc |
||
| 999 |
_c581581 _d581581 |
||